000 00681cab a2200217 4500
001 WB3301-28
008 090401t1996 xxu||||| |||| 00| 0 eng d
035 _a(Sirsi) u12911
041 _aeng
245 _aCapital Challenge
260 _c1996
350 _a0
490 _aFinancial Times
_v17 December 1996, 14(1)
520 _aThe government predicts the Capital Challenge will attract an additional £1.2bn of funding from other sources over the next three years. Statistics.
650 _aCAPITAL CHALLENGE
650 _aCOMPETITIVE BIDDING
650 _aLOCAL AUTHORITIES
690 _aPROPERTY-PROPERTY FINANCE AND INVESTMENT
942 _n0
948 _c04/03/1997
999 _c8291
_d8291